Country Flags Click Quiz #2 - Statistics

General Stats
  • This quiz has been taken 211 times
  • The average score is 19 of 20
Answer Stats
Hint Answer % Correct
India
98%
South Korea
98%
Germany
97%
Spain
97%
Ukraine
97%
Argentina
96%
Austria
96%
Chile
96%
Cyprus
96%
Switzerland
96%
Cambodia
95%
Saudi Arabia
95%
Turkey
95%
Uruguay
95%
Finland
94%
Iceland
94%
Thailand
94%
Denmark
92%
Vietnam
92%
Taiwan
91%
No matching quizzes found
Score Distribution
Percent of People with Each Score
Percentile by Number Answered
Your Score History
You have not taken this quiz